000
00273nam a22001217a 4500
008
181031b xxu||||| |||| 00| 0 eng d
041
_a
eng
080
_2
3 th
_a
311
100
_a
55
101
_a
STA
245
_a
Fundamentals Statistics
_c
Sullivan,M
942
_2
udc
_c
BK
999
_c
51350
_d
51350